Stanice a uzly. 2. díl /

Uloženo v:
Podrobná bibliografie
Hlavní autor: Jirsák, Zbyněk 1910-
Médium: Kniha
Jazyk:slovenština
Vydáno: Bratislava : Alfa, vydavateľstvo technickej a ekonomickej literatúry, 1971
Vydání:2. přeprac. vyd.
Edice:Dočasné vysokoškolské učebnice
On-line přístup: Získat plný text
Tagy: Přidat tag
Žádné tagy, Buďte první, kdo vytvoří štítek k tomuto záznamu!

MARC

LEADER 00000nam a2200000 4500
003 SK-BrCVT
005 20220621154350.0
008 020303s1971 cs e ||||||slo d
035 |a CVTIDW0962131 
040 |b slo  |a CVTI SR 
041 0 |a slo 
044 |a cs 
080 |a 656.2  |2 UDC-MRF 
100 1 |a Jirsák, Zbyněk  |d 1910-,  |9 30830 
245 1 0 |a Stanice a uzly. 2. díl /  |c Zbyněk Jirsák 
250 |a 2. přeprac. vyd. 
260 |a Bratislava :  |b Alfa, vydavateľstvo technickej a ekonomickej literatúry,  |c 1971 
300 |a 230 s. 
490 0 |a Dočasné vysokoškolské učebnice 
692 |a AS JM MM 
760 1 |t Dočasné vysokoškolské učebnice 
910 |b S290213  |b A280571 odpis 
974 |f Knihy 
992 |a ASK 
999 |c 112538  |d 112538